000
00243nam a22000857a 4500
008
160820b xxu||||| |||| 00| 0 eng d
100
_9
186
_a
Jain G
245
_a
Indian Prime Ministers with notable speeches
260
_a
New Delhi
_b
Maanu Graphics
_c
2012
999
_c
2844
_d
2844